000 00268nam a2200097Ia 4500
001 1044576
005 20250826232143.0
008 250824s9999 xx 000 0 und d
245 0 _aOSMANLIDAN CUMHURİYET E İKTİDAR OYUNU
_cAVNİ ÖZGÜREL
260 _bKETEBE YAYINLARI
999 _c1044576
_d1044576